MARC details
| 000 -CABECERA |
| campo de control de longitud fija |
01520nam a2200301 a 4500 |
| 001 - NÚMERO DE CONTROL |
| campo de control |
000038475 |
| 003 - IDENTIFICADOR DEL NÚMERO DE CONTROL |
| campo de control |
DO-SdBNP |
| 005 - FECHA Y HORA DE LA ÚLTIMA TRANSACCIÓN |
| campo de control |
20230111092623.0 |
| 007 - CAMPO FIJO DE DESCRIPCIÓN FÍSICA--INFORMACIÓN GENERAL |
| campo de control de longitud fija |
ta |
| 008 - DATOS DE LONGITUD FIJA--INFORMACIÓN GENERAL |
| campo de control de longitud fija |
130412s1986 dr 000 0 spa d |
| 040 ## - FUENTE DE LA CATALOGACIÓN |
| Centro catalogador/agencia de origen |
DO-SdBNP |
| Lengua de catalogación |
spa |
| Centro/agencia transcriptor |
BNPHU |
| 082 ## - NÚMERO DE LA CLASIFICACIÓN DECIMAL DEWEY |
| Número de clasificación |
346.07 |
| Número de documento/Ítem |
G633d, 1986 |
| Número de edición |
22 |
| 100 1# - ENTRADA PRINCIPAL--NOMBRE DE PERSONA |
| Nombre de persona |
Gómez Hijo, Manuel Ubaldo, |
| Fechas asociadas al nombre |
1892-1951. |
| 9 (RLIN) |
19596 |
| 245 10 - MENCIÓN DE TÍTULO |
| Título |
Derecho comercial / |
| Mención de responsabilidad, etc. |
Manuel Ubaldo Gómez Hijo ; dirigida por Raymundo Amaro Guzmán |
| 250 ## - MENCIÓN DE EDICIÓN |
| Mención de edición |
3a ed. |
| 260 ## - PUBLICACIÓN, DISTRIBUCIÓN, ETC. |
| Lugar de publicación, distribución, etc. |
Santo Domingo : |
| Nombre del editor, distribuidor, etc. |
Tiempo, |
| Fecha de publicación, distribución, etc. |
1986. |
| 300 ## - DESCRIPCIÓN FÍSICA |
| Extensión |
v. ; |
| Dimensiones |
21 cm. |
| 490 1# - MENCIÓN DE SERIE |
| Mención de serie |
Estudios jurídicos |
| Designación de volumen o secuencia |
2 |
| 500 ## - NOTA GENERAL |
| Nota general |
Incluye referencias bibliográficas y notas al pie de las páginas |
| 500 ## - NOTA GENERAL |
| Nota general |
La biblioteca posee el v.1 |
| 505 ## - NOTA DE CONTENIDO CON FORMATO |
| Nota de contenido con formato |
Actos de comercio y comerciantes 40|Capacidad para ser comerciante 106|Obligaciones especiales de los comerciantes 133|Sociedades comerciales 153|Principios y reglas comunes a las sociedades comerciales 195|Sociedades por interés 274|Sociedades por acciones 328|Reglas de funcionamiento y órganos sociales 416|Características de algunas sociedades 487|Contratos comerciales 511|La venta comercial 527|La prenda comercial 555|Teoría de comisión 569|El transporte 604|Efectos de comercio 637|Pagarés a la orden 786 |
| 590 ## - NOTA LOCAL (RLIN) |
| Nota local |
Inventariado, 2018/LP |
| 650 #4 - PUNTO DE ACCESO ADICIONAL DE MATERIA--TÉRMINO DE MATERIA |
| Término de materia o nombre geográfico como elemento de entrada |
Derecho comercial |
| Subdivisión geográfica |
República Dominicana |
| 9 (RLIN) |
14449 |
| 700 ## - PUNTO DE ACCESO ADICIONAL--NOMBRE DE PERSONA |
| Nombre de persona |
Guzmán, Raymundo Amaro |
| Término indicativo de función/relación |
dirección |
| 9 (RLIN) |
83025 |
| 830 #0 - PUNTO DE ACCESO ADICIONAL DE SERIE-TÍTULO UNIFORME |
| Título uniforme |
Estudios jurídicos ; |
| Número de parte o sección de la obra |
2 |
| 9 (RLIN) |
64819 |
| 910 ## - DATOS DE OPCIÓN DEL USUARIO (OCLC) |
| Datos de opción del usuario |
Validado. Control de calidad MFF |
| 942 ## - ELEMENTOS DE PUNTO DE ACCESO ADICIONAL (KOHA) |
| Fuente del sistema de clasificación o colocación |
Dewey Decimal Classification |
| Tipo de ítem Koha |
Libro |